| Registos Bibliográficos associados ao registo de autoridade |
|
Etiqueta de registo: 00000nam 2200025 450 001 2288143 003 http://id.bnportugal.gov.pt/bib/catbnp/2288143 010 ## $a978-989-693-215-2 021 ## $aPT$b560775/26 100 ## $a20260617d2026 m y0pory01030103ba 101 0# $apor 102 ## $aPT 105 ## $aa z 000yy 106 ## $ar 200 1# $aGestão hoteleira.$hVol. II,$iSustentabilidade, experiência e tecnologia$fNuno Abranja, Anabela Elias, Mafalda Almeida$gpref. Catarina Paiva$gnota introd. Fernando Garrido 205 ## $a1ª ed 210 #9 $aLisboa$cPactor,$d2026 215 ## $a289, [1] p.$cil.$d24 cm 700 #1 $aAbranja,$bNuno$31470771 701 #1 $aAlmeida,$bAnabela Clemente Elias$4070$31528942 701 #1 $98$aAlmeida,$bMafalda$4070$31734461 702 #1 $93$aPaiva,$bCatarina$4080$32000900 702 #1 $aGarrido,$bFernando,$f1977-$4080$32000901 801 #0 $aPT$bBN$gRPC 966 ## $lBN$mFGMON$x1 966 ## $lBN$mFGMON$x1 971 ## $cssilva$d20260617
|
|
|